000
00188 a2200097 4500
020
_a
9780811820127
041
_a
eng
100
_a
TRicia Brown
245
_a
The City by the Bay
942
_c
K
999
_c
31309
_d
31307